| 000 | 01133nam a22002777a 4500 | ||
|---|---|---|---|
| 005 | 20240530110908.0 | ||
| 008 | 220303s2007 jo g b 000 0 ara d | ||
| 017 |
_a2006/1/2691 _bالمملكة الهاشمية الاردنية. دائرة المكتبة الوطنية |
||
| 020 | _a9957002880 | ||
| 040 |
_aEG-CaGPL _cEG-CaGPL |
||
| 082 | 0 | 4 |
_221 _a320.5/ _bف ف |
| 100 | 0 | _aفهمى جدعان | |
| 245 | 1 | 0 |
_aفى الخلاص النهائى : _bمقال فى وعود الاسلاميين والعلامانيين والليبراليين / _cفهمى جدعان |
| 250 | _aط.1 | ||
| 260 |
_aعمان : _bدار الشروق للنشر والتوزيع، _c2007. |
||
| 300 |
_a404 ص. ؛ _c24 سم. |
||
| 504 | _aيشتمل على ارجاعات ببليوجرافية | ||
| 650 | 0 | 7 |
_2qrmak _aالعلمانية |
| 650 | 0 | 7 |
_2qrmak _aالاحزاب السياسية |
| 650 | 0 | 7 |
_2qrmak _aالنظم السياسية |
| 650 | 0 | 7 |
_2qrmak _aالاخلاق السياسية |
| 650 | 0 | 7 |
_2qrmak _aالممارسة السياسية |
| 651 | _2qrmak | ||
| 942 |
_2ddc _cBK |
||
| 999 |
_c66248 _d66248 |
||